000 00353nam a2200133Ia 4500
008 240624s9999 xx 000 0 und d
041 _aeng
082 _a658.3 YOU
100 _aYOUNG PETER
245 _aNEURO LINGUISTIC PROGRAMMING SKILLS FOR
260 _c2007
_aMumbai
_bJaico Publishing House
300 _ax, : 305 : p. : cm. ; 22
365 _cRS
_b30
999 _c8261
_d8261